| 000 | 00477nam a2200181Ia 4500 | ||
|---|---|---|---|
| 008 | 131103s9999 xx 000 0 und d | ||
| 040 | _aLoreto College | ||
| 041 | _aEnglish | ||
| 082 |
_a170/VON _bLCLIB/17694 |
||
| 100 | _aGagern,Frederick Von | ||
| 245 |
_aDifficulties in life _cFrederick Von Gogern |
||
| 260 |
_aCork _bThe Mercier Press _c1953 (1962 printing) |
||
| 300 |
_a96 p. _c 18 cm. |
||
| 650 | _aEthics | ||
| 651 | _aEthics | ||
| 850 | _aLCLIB | ||
| 942 | _cBK | ||
| 999 |
_c11539 _d62018 |
||